Pays par des faits #3 - Statistiques

Statistiques générales
  • Ce quiz a été pris 104 fois
  • Le résultat moyen est 10 sur 15
Statistiques - réponses
Hint Réponse % Correct
Je possède les universités vieilles de plusieurs siècles d'Oxford et de Cambridge. Royaume-Uni
92%
Saxe, Thuringe et Hess sont des régions qui m'appartiennent Allemagne
91%
Odessa, Donetsk ou Zaporijia sont des villes qui m'appartiennent Ukraine
89%
ABBA m'a représenté à l'eurovision Suède
86%
Les Qing y ont régné de 1644 à 1912 Chine
83%
Le 11 septembre 1973, Augusto Pinochet y a fait un coup d'état Chili
78%
Ma capitale était autrefois Carthage Tunisie
74%
Narendra Modī est mon Premier Ministre Inde
73%
L'URSS m'a envahi en 1979 Afghanistan
71%
Ma capitale est Kuala Lumpur Malaisie
71%
Je suis située à environ 33 km de la Martinique Sainte-Lucie
40%
Mon roi est Abdallah II Jordanie
39%
Pays où les Houthis sont présents Yemen
37%
Kelvin Kiptum porte ma nationalité Kenya
32%
Ma monnaie est le Lempira Honduras
10%
Aucun quiz correspondant
Distribution des résultats
% des personnes avec chaque résultat
Percentile par nombre de réponses
Votre historique - résultats
Vous n’avez pas pris ce quiz